000 00825nam a22002417a 4500
999 _c15763
_d15763
005 20220117143119.0
008 200115b ||||| |||| 00| 0 eng d
041 _aeng
043 _aa-ph---
050 1 4 _aLB2826.6
_b.G7.Is7 2018
100 _aIson, Jenielyn M.
245 _aFinancial status of public elementary schools in the province of Rizal
260 _cFebruary 2018
300 _a142 leaves :
_billustrations ;
_c28 cm
336 _2rda content
_atext
337 _2rda media
_aunmediated
338 _2rda carrier
_avolume
502 _aThesis
_bDoctor of Philosophy major in Educational Management
_cUniversity of Rizal System-Morong
_d2018
650 0 _aEducation--Finance
650 0 _aPublic elementary schools--Province of Rizal.
700 _aDe Lemon, Renato F.
_edegree supervisor
942 _2lcc
_cT